| 000 | 00722nam a22002417a 4500 | ||
|---|---|---|---|
| 008 | 130717b xxu||||| |||| 00| 0 eng d | ||
| 020 | _a81-297-0513-3 | ||
| 024 | _cAvailable | ||
| 037 | _cAvailable | ||
| 040 |
_aMBSTU LIBRARY _dMBSTU LIBRARY |
||
| 082 |
_222 _a005.7565 KAI |
||
| 100 | _aKahate, Atul. | ||
| 245 | _aIntroduction to Database management systems. | ||
| 260 |
_aNew Delhi _bPearson Education. _c2004 |
||
| 300 |
_a24 cm. _bxxiv, 510 page. _f5 _g24 cm. |
||
| 600 | _2Database management system. | ||
| 650 | _2Database management system. | ||
| 700 | _aKahate, Atul. | ||
| 270 |
_aNew Delhi _bNew Delhi _dIndia |
||
| 365 |
_b442.00 _d442.00 |
||
| 942 |
_2ddc _cBK |
||
| 999 |
_c570 _d570 |
||